000 00892nam a2200289 i 4500
999 _c200443157
_d61369
001 200443157
003 TR-AnTOB
005 20230306084051.0
007 ta
008 010810s1977 tu ad b 000 0 tur d
035 _a(TR-AnTOB)200443157
040 _aTR-AnTOB
_beng
_erda
_cTR-AnTOB
041 0 _atur
050 4 _aZ48
_b.Ö973 1977
090 _aZ48
_b.Ö973 1977
100 1 _aÖzsan, Fikret
_eauthor
_952428
245 1 0 _aReprödüksiyon tekniğine giriş /
_cFikret Özsan.
264 1 _a[Place of publication not identified] :
_b[publisher not identified],
_c1977.
300 _a193 pages :
_billustrations, tables ;
_c22 cm
336 _atext
_btxt
_2rdacontent
337 _aunmediated
_bn
_2rdamedia
338 _avolume
_bnc
_2rdacarrier
650 7 _aKopyalama işlemleri
_2etuturkob
_9132257
942 _2lcc
_cBK